|
|
|
|
| LEADER |
00000cam a2200000 7i4500 |
| 001 |
0000007221 |
| 002 |
000007766 |
| 005 |
20000330.0 |
| 020 |
|
|
|a 9838932132
|
| 090 |
0 |
0 |
|a C
|b FAT
|
| 100 |
0 |
|
|a Fatah
|
| 245 |
1 |
0 |
|a A.Mamud
|c Fatah
|
| 260 |
|
|
|a Kuala Lumpur :
|b Creative Enterprise Sdn.Bhd. ,
|c 1995
|
| 300 |
|
|
|a 119p. :
|b ill ;
|c 28cm.
|
| 999 |
|
|
|a 00193784
|b BUKU
|c CARTOON
|e PERPUSTAKAAN KOMUNITI PETALING JAYA
|
| 999 |
|
|
|a 052057
|b BUKU
|c PINJAMAN
|e PERPUSTAKAAN KOMUNITI PETALING JAYA
|
| 999 |
|
|
|a 052058
|b BUKU
|c PINJAMAN
|e PERPUSTAKAAN KOMUNITI PETALING JAYA
|
| 999 |
|
|
|a 052059
|b BUKU
|c PINJAMAN
|e PERPUSTAKAAN KOMUNITI PETALING JAYA
|
| 999 |
|
|
|a 054946
|b BUKU
|c CARTOON
|e PERPUSTAKAAN KOMUNITI CAW KOTA DAMANSARA
|
| 999 |
|
|
|a 054947
|b BUKU
|c PINJAMAN
|e PERPUSTAKAAN KOMUNITI CAW KOTA DAMANSARA
|